Countries with universal public healthcare (excl. s-p) - Statistics

General Stats
  • This quiz has been taken 24 times
  • The average score is 17 of 29
Answer Stats
Hint Country % Correct
E France
88%
E Belgium
79%
E Estonia
75%
E Hungary
67%
E Poland
67%
E Bulgaria
63%
E Latvia
63%
E Lithuania
63%
E/A Russia
63%
E Slovakia
63%
E Slovenia
63%
E Albania
58%
E Andorra
58%
E Croatia
58%
A Japan
58%
E Monaco
58%
E Romania
58%
E Ukraine
58%
A China
54%
E Czechia
54%
E Montenegro
54%
E Serbia
54%
S Colombia
50%
E Luxembourg
50%
E Moldova
46%
A South Korea
42%
A Iran
38%
A Qatar
33%
A United Arab Emirates
33%
No matching quizzes found
Score Distribution
Percent of People with Each Score
Percentile by Number Answered
Your Score History
You have not taken this quiz